000 nas a22 7a 4500
022 _a12250368
041 0 _aeng
245 1 0 _aKorean Social Science Journal
260 3 _bChangminsa
310 _aรายสะดวก
850 _aNALT
942 _cJNR
997 _c43465
999 _c83465
_d83465